{"text_format":"1","workbook":"xlsx","n_sheets":2,"sheets":["Данные","Лист1"],"not_rendered":{"charts":0,"images":0,"macros":1,"external_links":0,"defined_names":4,"comments":0,"pivot_tables":0},"unopened":[],"bounds":{"document_bytes":16777216,"sheet_cells":100000,"rows_first":2000,"rows_last":500,"rows_between":2000,"halvings":0,"cell_chars":16384,"cell_head_chars":4096},"cells_cut":0,"cells_raw":0,"read":"whole","date_system":"1900"}

{"sheet":"Данные","index":0,"n_rows":69,"n_cols":10,"rows_kept":69,"cut":false,"hidden":false,"merged":[[1,0,1,9]]}
[null,null,null,null,null,null,null,null,"Приложение №1"]
["Перечень актуальных и готовых к реализации невостребованных МТР"]
[]
["Наименование лота","Наименование ОГ","№ лота","№ позиции","Наименование неликвидных (НЛ) и невостребованных ликвидных (НВЛ) материалов","Ед. изм","Количество","Мин. цена реализации за ед., руб., без НДС ","Сумма, руб. без НДС","Место нахождения"]
["Оборудование противопожарное, связи","ПАО АНК \"Башнефть\" \"Башнефть-Новойл\"",1,1,"Громкоговоритель INTER-M MS-05","ШТ",2,455.29,{"$f":"G5*H5","v":910.58},"450045, г. Уфа, ПАО АНК \"Башнефть\" \"Башнефть-Новойл\""]
["Оборудование противопожарное, связи","ПАО АНК \"Башнефть\" \"Башнефть-Новойл\"",1,2,"Громкоговоритель Armtel LS-25","ШТ",1,30900.47,30900.47,"450045, г. Уфа, ПАО АНК \"Башнефть\" \"Башнефть-Новойл\""]
["Оборудование противопожарное, связи","ПАО АНК \"Башнефть\" \"Башнефть-Новойл\"",1,3,"Громкоговоритель Inter-M MS-03","ШТ",1,183.54,183.54,"450045, г. Уфа, ПАО АНК \"Башнефть\" \"Башнефть-Новойл\""]
["Оборудование противопожарное, связи","ПАО АНК \"Башнефть\" \"Башнефть-Новойл\"",1,4,"Громкоговоритель INTER-M MS-05","ШТ",2,455.29,910.58,"450045, г. Уфа, ПАО АНК \"Башнефть\" \"Башнефть-Новойл\""]
["Оборудование противопожарное, связи","ПАО АНК \"Башнефть\" \"Башнефть-Новойл\"",1,5,"Громкоговоритель INTER-M MS-05","ШТ",6,455.29,2731.7400000000002,"450045, г. Уфа, ПАО АНК \"Башнефть\" \"Башнефть-Новойл\""]
["Оборудование противопожарное, связи","ПАО АНК \"Башнефть\" \"Башнефть-Новойл\"",1,6,"Громкоговоритель Jedia LPA-06CL20","ШТ",4,660.94,2643.76,"450045, г. Уфа, ПАО АНК \"Башнефть\" \"Башнефть-Новойл\""]
["Оборудование противопожарное, связи","ПАО АНК \"Башнефть\" \"Башнефть-Новойл\"",1,7,"Громкоговоритель Roxton PA-620T","ШТ",2,982.8,1965.6,"450045, г. Уфа, ПАО АНК \"Башнефть\" \"Башнефть-Новойл\""]
["Оборудование противопожарное, связи","ПАО АНК \"Башнефть\" \"Башнефть-Новойл\"",1,8,"Коробка КРТМ-2/20 пл. с соед. конт.","ШТ",1,383.19,383.19,"450045, г. Уфа, ПАО АНК \"Башнефть\" \"Башнефть-Новойл\""]
["Оборудование противопожарное, связи","ПАО АНК \"Башнефть\" \"Башнефть-Новойл\"",1,9,"Коробка КРТМ-2/20 пл. с соед. конт.","ШТ",7,383.19,2682.33,"450045, г. Уфа, ПАО АНК \"Башнефть\" \"Башнефть-Новойл\""]
["Оборудование противопожарное, связи","ПАО АНК \"Башнефть\" \"Башнефть-Новойл\"",1,10,"Коробка КРТМ-2/20 пл. с соед. конт.","ШТ",1,383.19,383.19,"450045, г. Уфа, ПАО АНК \"Башнефть\" \"Башнефть-Новойл\""]
["Оборудование противопожарное, связи","ПАО АНК \"Башнефть\" \"Башнефть-Новойл\"",1,11,"Модуль управления и индикации БУИ-21","ШТ",1,29686.37,29686.37,"450045, г. Уфа, ПАО АНК \"Башнефть\" \"Башнефть-Новойл\""]
["Оборудование противопожарное, связи","ПАО АНК \"Башнефть\" \"Башнефть-Новойл\"",1,12,"Плинт WT-1006A с раз. кон","ШТ",40,56.74,2269.6,"450045, г. Уфа, ПАО АНК \"Башнефть\" \"Башнефть-Новойл\""]
["Оборудование противопожарное, связи","ПАО АНК \"Башнефть\" \"Башнефть-Новойл\"",1,13,"Антенна Anli WH-14D","ШТ",5,1209.5999999999999,6048,"450045, г. Уфа, ПАО АНК \"Башнефть\" \"Башнефть-Новойл\""]
["Оборудование противопожарное, связи","ПАО АНК \"Башнефть\" \"Башнефть-Новойл\"",1,14,"Антенна базовая Anli A-100MV","ШТ",2,1927.8,3855.6,"450045, г. Уфа, ПАО АНК \"Башнефть\" \"Башнефть-Новойл\""]
["Оборудование противопожарное, связи","ПАО АНК \"Башнефть\" \"Башнефть-Новойл\"",1,15,"Аттенюатор Inter-M ATT-30","ШТ",1,927.36,927.36,"450045, г. Уфа, ПАО АНК \"Башнефть\" \"Башнефть-Новойл\""]
["Оборудование противопожарное, связи","ПАО АНК \"Башнефть\" \"Башнефть-Новойл\"",1,16,"Барабан Panasonic KX-FAD89A","ШТ",2,1351.98,2703.96,"450045, г. Уфа, ПАО АНК \"Башнефть\" \"Башнефть-Новойл\""]
["Оборудование противопожарное, связи","ПАО АНК \"Башнефть\" \"Башнефть-Новойл\"",1,17,"Драм-картридж Panasonic KX-FA78A","ШТ",1,2143.4299999999998,2143.4299999999998,"450045, г. Уфа, ПАО АНК \"Башнефть\" \"Башнефть-Новойл\""]
["Оборудование противопожарное, связи","ПАО АНК \"Башнефть\" \"Башнефть-Новойл\"",1,18,"Источник питания СКАТ-1200С","ШТ",10,749.87,7498.7,"450045, г. Уфа, ПАО АНК \"Башнефть\" \"Башнефть-Новойл\""]
["Оборудование противопожарное, связи","ПАО АНК \"Башнефть\" \"Башнефть-Новойл\"",1,19,"Кабель питания APC AP9887","ШТ",3,544.98,1634.94,"450045, г. Уфа, ПАО АНК \"Башнефть\" \"Башнефть-Новойл\""]
["Оборудование противопожарное, связи","ПАО АНК \"Башнефть\" \"Башнефть-Новойл\"",1,20,"Коммуникатор Honeywell Dolphin 6000","ШТ",2,17930.099999999999,35860.199999999997,"450045, г. Уфа, ПАО АНК \"Башнефть\" \"Башнефть-Новойл\""]
["Оборудование противопожарное, связи","ПАО АНК \"Башнефть\" \"Башнефть-Новойл\"",1,21,"Консоль циф NEC DCL-60-1P (BK) Console","ШТ",7,4890.42,34232.94,"450045, г. Уфа, ПАО АНК \"Башнефть\" \"Башнефть-Новойл\""]
["Оборудование противопожарное, связи","ПАО АНК \"Башнефть\" \"Башнефть-Новойл\"",1,22,"Коробка КРТМ-2/20 пл. с соед. конт.","ШТ",5,383.19,1915.95,"450045, г. Уфа, ПАО АНК \"Башнефть\" \"Башнефть-Новойл\""]
["Оборудование противопожарное, связи","ПАО АНК \"Башнефть\" \"Башнефть-Новойл\"",1,23,"Модуль управления и индикации БУИ-21","ШТ",2,29686.37,59372.74,"450045, г. Уфа, ПАО АНК \"Башнефть\" \"Башнефть-Новойл\""]
["Оборудование противопожарное, связи","ПАО АНК \"Башнефть\" \"Башнефть-Новойл\"",1,24,"Плинт WT-1006A с раз. кон","ШТ",10,56.74,567.4,"450045, г. Уфа, ПАО АНК \"Башнефть\" \"Башнефть-Новойл\""]
["Оборудование противопожарное, связи","ПАО АНК \"Башнефть\" \"Башнефть-Новойл\"",1,25,"Преобразователь С2000-ПИ","ШТ",1,2103.83,2103.83,"450045, г. Уфа, ПАО АНК \"Башнефть\" \"Башнефть-Новойл\""]
["Оборудование противопожарное, связи","ПАО АНК \"Башнефть\" \"Башнефть-Новойл\"",1,26,"Прибор приемно-контрольный Сигнал 2/4-СИ","ШТ",1,3244,3244,"450045, г. Уфа, ПАО АНК \"Башнефть\" \"Башнефть-Новойл\""]
["Оборудование противопожарное, связи","ПАО АНК \"Башнефть\" \"Башнефть-Новойл\"",1,27,"Решетка громкоговорителя Inter-M GP-03","ШТ",4,64.510000000000005,258.04000000000002,"450045, г. Уфа, ПАО АНК \"Башнефть\" \"Башнефть-Новойл\""]
["Оборудование противопожарное, связи","ПАО АНК \"Башнефть\" \"Башнефть-Новойл\"",1,28,"Решетка громкоговорителя Inter-M GP-03","ШТ",2,62.33,124.66,"450045, г. Уфа, ПАО АНК \"Башнефть\" \"Башнефть-Новойл\""]
["Оборудование противопожарное, связи","ПАО АНК \"Башнефть\" \"Башнефть-Новойл\"",1,29,"Сигнализатор опт. E2S BEXBG05D 12DC YW","ШТ",1,25829.89,25829.89,"450045, г. Уфа, ПАО АНК \"Башнефть\" \"Башнефть-Новойл\""]
["Оборудование противопожарное, связи","ПАО АНК \"Башнефть\" \"Башнефть-Новойл\"",1,30,"Соединитель Scotchlok U1-B","ШТ",9,3.58,32.22,"450045, г. Уфа, ПАО АНК \"Башнефть\" \"Башнефть-Новойл\""]
["Оборудование противопожарное, связи","ПАО АНК \"Башнефть\" \"Башнефть-Новойл\"",1,31,"Соединитель Scotchlok U1-B","ШТ",5,1.48,7.4,"450045, г. Уфа, ПАО АНК \"Башнефть\" \"Башнефть-Новойл\""]
["Оборудование противопожарное, связи","ПАО АНК \"Башнефть\" \"Башнефть-Новойл\"",1,32,"Соединитель Scotchlok U1-B","ШТ",10,3.58,35.799999999999997,"450045, г. Уфа, ПАО АНК \"Башнефть\" \"Башнефть-Новойл\""]
["Оборудование противопожарное, связи","ПАО АНК \"Башнефть\" \"Башнефть-Новойл\"",1,33,"Устройство DWEx ARMT.665230.006-04","ШТ",1,141652.01999999999,141652.01999999999,"450045, г. Уфа, ПАО АНК \"Башнефть\" \"Башнефть-Новойл\""]
["Оборудование противопожарное, связи","ПАО АНК \"Башнефть\" \"Башнефть-Новойл\"",1,34,"Устройство контроля шлейфов Маяк-ШС","ШТ",20,48.63,972.6,"450045, г. Уфа, ПАО АНК \"Башнефть\" \"Башнефть-Новойл\""]
["Оборудование противопожарное, связи","ПАО АНК \"Башнефть\" \"Башнефть-Новойл\"",1,35,"Устройство модульное MCP-114.00-007","ШТ",13,2826.55,36745.15,"450045, г. Уфа, ПАО АНК \"Башнефть\" \"Башнефть-Новойл\""]
["Оборудование противопожарное, связи","ПАО АНК \"Башнефть\" \"Башнефть-Новойл\"",1,36,"Устройство модульное МС 200.00-047","ШТ",3,22526.94,67580.819999999992,"450045, г. Уфа, ПАО АНК \"Башнефть\" \"Башнефть-Новойл\""]
["Оборудование противопожарное, связи","ПАО АНК \"Башнефть\" \"Башнефть-Новойл\"",1,37,"Устройство монтажное д/ИП-212-3СУ","ШТ",10,19.45,194.5,"450045, г. Уфа, ПАО АНК \"Башнефть\" \"Башнефть-Новойл\""]
["Оборудование противопожарное, связи","ПАО АНК \"Башнефть\" \"Башнефть-Новойл\"",1,38,"Устройство тревоги E2S SON4L DC12 RR","ШТ",2,2430.0500000000002,4860.1000000000004,"450045, г. Уфа, ПАО АНК \"Башнефть\" \"Башнефть-Новойл\""]
["Оборудование противопожарное, связи","ПАО АНК \"Башнефть\" \"Башнефть-Новойл\"",1,39,"Шкаф ШРН-2/300 пл. с раз. кон.","ШТ",1,5224.2,5224.2,"450045, г. Уфа, ПАО АНК \"Башнефть\" \"Башнефть-Новойл\""]
["Оборудование противопожарное, связи","ПАО АНК \"Башнефть\" \"Башнефть-Новойл\"",1,40,"Решетка громкоговорителя Inter-M GP-03","ШТ",5,62.33,311.64999999999998,"450045, г. Уфа, ПАО АНК \"Башнефть\" \"Башнефть-Новойл\""]
["Извещатели","ПАО АНК \"Башнефть\" \"Башнефть-Новойл\"",2,41,"Извещатель ИП 212-3СУ","ШТ",29,137.36000000000001,3983.4400000000005,"450045, г. Уфа, ПАО АНК \"Башнефть\" \"Башнефть-Новойл\""]
["Извещатели","ПАО АНК \"Башнефть\" \"Башнефть-Новойл\"",2,42,"Извещатель ИП 212-3СУ","ШТ",80,137.36000000000001,10988.800000000001,"450045, г. Уфа, ПАО АНК \"Башнефть\" \"Башнефть-Новойл\""]
["Извещатели","ПАО АНК \"Башнефть\" \"Башнефть-Новойл\"",2,43,"Извещатель пож. ИП-103-4/1-ИБ","ШТ",60,31.5,1890,"450045, г. Уфа, ПАО АНК \"Башнефть\" \"Башнефть-Новойл\""]
["Извещатели","ПАО АНК \"Башнефть\" \"Башнефть-Новойл\"",2,44,"Извещатель пож. ИП-103-4/1-ИБ","ШТ",29,31.5,913.5,"450045, г. Уфа, ПАО АНК \"Башнефть\" \"Башнефть-Новойл\""]
["Извещатели","ПАО АНК \"Башнефть\" \"Башнефть-Новойл\"",2,45,"Извещатель пож. ИП-103-4/1-ИБ","ШТ",30,31.5,945,"450045, г. Уфа, ПАО АНК \"Башнефть\" \"Башнефть-Новойл\""]
["Извещатели","ПАО АНК \"Башнефть\" \"Башнефть-Новойл\"",2,46,"Извещатель ИП 103-4/1 А2 ИБ МАК-1 ИБ","ШТ",50,56.47,2823.5,"450045, г. Уфа, ПАО АНК \"Башнефть\" \"Башнефть-Новойл\""]
["Извещатели","ПАО АНК \"Башнефть\" \"Башнефть-Новойл\"",2,47,"Извещатель ИП 103-4/1 А2 ИБ МАК-1 ИБ","ШТ",51,31.73,1618.23,"450045, г. Уфа, ПАО АНК \"Башнефть\" \"Башнефть-Новойл\""]
["Извещатели","ПАО АНК \"Башнефть\" \"Башнефть-Новойл\"",2,48,"Извещатель ИП 212-3СУ","ШТ",50,137.36000000000001,6868.0000000000009,"450045, г. Уфа, ПАО АНК \"Башнефть\" \"Башнефть-Новойл\""]
["Извещатели","ПАО АНК \"Башнефть\" \"Башнефть-Новойл\"",2,49,"Извещатель ИП101-07е-к2 (КВ12+КВ12)","ШТ",19,2430.94,46187.86,"450045, г. Уфа, ПАО АНК \"Башнефть\" \"Башнефть-Новойл\""]
["Извещатели","ПАО АНК \"Башнефть\" \"Башнефть-Новойл\"",2,50,"Извещатель охр. ИО-101-2","ШТ",15,145.76,2186.3999999999996,"450045, г. Уфа, ПАО АНК \"Башнефть\" \"Башнефть-Новойл\""]
["Извещатели","ПАО АНК \"Башнефть\" \"Башнефть-Новойл\"",2,51,"Извещатель охранный Фантом-30У","ШТ",8,5055.04,40440.32,"450045, г. Уфа, ПАО АНК \"Башнефть\" \"Башнефть-Новойл\""]
["Извещатели","ПАО АНК \"Башнефть\" \"Башнефть-Новойл\"",2,52,"Извещатель пож. ИП 212-96","ШТ",9,31.5,283.5,"450045, г. Уфа, ПАО АНК \"Башнефть\" \"Башнефть-Новойл\""]
["Извещатели","ПАО АНК \"Башнефть\" \"Башнефть-Новойл\"",2,53,"Извещатель пож. ИП-103-4/1-ИБ","ШТ",37,31.5,1165.5,"450045, г. Уфа, ПАО АНК \"Башнефть\" \"Башнефть-Новойл\""]
["Извещатели","ПАО АНК \"Башнефть\" \"Башнефть-Новойл\"",2,54,"Извещатель пож. ИП-103-4/1-ИБ","ШТ",1,31.5,31.5,"450045, г. Уфа, ПАО АНК \"Башнефть\" \"Башнефть-Новойл\""]
["Извещатели","ПАО АНК \"Башнефть\" \"Башнефть-Новойл\"",2,55,"Извещатель пож. ИП-103-4/1-ИБ","ШТ",40,31.5,1260,"450045, г. Уфа, ПАО АНК \"Башнефть\" \"Башнефть-Новойл\""]
["Извещатели","ПАО АНК \"Башнефть\" \"Башнефть-Новойл\"",2,56,"Извещатель пож. ИП-103-5-А3","ШТ",20,22.02,440.4,"450045, г. Уфа, ПАО АНК \"Башнефть\" \"Башнефть-Новойл\""]
["Извещатели","ПАО АНК \"Башнефть\" \"Башнефть-Новойл\"",2,57,"Извещатель пож. ИП-114-5-А2","ШТ",10,18.079999999999998,180.79999999999998,"450045, г. Уфа, ПАО АНК \"Башнефть\" \"Башнефть-Новойл\""]
["Извещатели","ПАО АНК \"Башнефть\" \"Башнефть-Новойл\"",2,58,"Извещатель пож. ИП-212-41М","ШТ",10,87.11,871.1,"450045, г. Уфа, ПАО АНК \"Башнефть\" \"Башнефть-Новойл\""]
["Извещатели","ПАО АНК \"Башнефть\" \"Башнефть-Новойл\"",2,59,"Извещатель пожарный ИП-103-5/1-А3","ШТ",50,35.26,1763,"450045, г. Уфа, ПАО АНК \"Башнефть\" \"Башнефть-Новойл\""]
["Извещатели","ПАО АНК \"Башнефть\" \"Башнефть-Новойл\"",2,60,"Извещатель пожарный ИП-103-5/1-А3","ШТ",30,35.26,1057.8,"450045, г. Уфа, ПАО АНК \"Башнефть\" \"Башнефть-Новойл\""]
["Извещатели","ПАО АНК \"Башнефть\" \"Башнефть-Новойл\"",2,61,"Извещатель пожарный ИП-103-5/1-А3","ШТ",99,35.26,3490.74,"450045, г. Уфа, ПАО АНК \"Башнефть\" \"Башнефть-Новойл\""]
["Извещатели","ПАО АНК \"Башнефть\" \"Башнефть-Новойл\"",2,62,"Извещатель пожарный ИП-103-5/1-А3","ШТ",20,35.26,705.19999999999993,"450045, г. Уфа, ПАО АНК \"Башнефть\" \"Башнефть-Новойл\""]
["Извещатели","ПАО АНК \"Башнефть\" \"Башнефть-Новойл\"",2,63,"Оповещатель свет. \"Пена не входить\"","ШТ",16,4204.43,67270.880000000005,"450045, г. Уфа, ПАО АНК \"Башнефть\" \"Башнефть-Новойл\""]
["Извещатели","ПАО АНК \"Башнефть\" \"Башнефть-Новойл\"",2,64,"Оповещатель свет. Сова-Б Автомат.откл.","ШТ",54,5393.85,291267.90000000002,"450045, г. Уфа, ПАО АНК \"Башнефть\" \"Башнефть-Новойл\""]
["Извещатели","ПАО АНК \"Башнефть\" \"Башнефть-Новойл\"",2,65,"Оповещатель свет. Сова-Б Пена уходи","ШТ",6,5673.02,{"$f":"G69*H69","v":34038.120000000003},"450045, г. Уфа, ПАО АНК \"Башнефть\" \"Башнефть-Новойл\""]

{"sheet":"Лист1","index":1,"n_rows":0,"n_cols":0,"rows_kept":0,"cut":false,"hidden":false,"merged":[]}